Návrh optimálnej spolupráce prevodovky so spaľovacím motorom

Uložené v:
Podrobná bibliografia
Hlavný autor: Rozsár, Adam, 1987- (Autor)
Ďalší autori: Matej, Juraj, 1981- (Vedúci práce)
Médium: Rukopis Kniha
Jazyk:Slovak
Vydavateľské údaje: Bratislava : STU v Bratislave FEI, 2011
Predmet:
On-line prístup:VAIS
Tagy: Pridať tag
Žiadne tagy, Buďte prvý, kto otaguje tento záznam!

MARC

LEADER 00000ntm a22000003a 4500
001 stu230870
005 20150617230141.4
008 110709s2011----xo------------------slo-d
040 |a STU  |b slo 
041 0 |a slo 
044 |a xo 
100 1 |a Rozsár, Adam,  |d 1987-  |4 aut  |u E  |T FEI Fakulta elektrotechniky a informatiky  |X 59167  |U E  |Y 30  |7 A000059167 
242 0 0 |a Design of optimal cooperation gearbox with the internal combustion engine   |y eng 
245 1 |a Návrh optimálnej spolupráce prevodovky so spaľovacím motorom 
260 |a Bratislava :  |b STU v Bratislave FEI,  |c 2011 
300 |a 33 s 
650 7 |a automobilová elektronika  |2 stusub 
650 7 |a Automobile Electronics  |2 estusub 
650 7 |a gearbox  |2 estusub 
650 7 |a dynamic characteristic  |2 estusub 
700 1 |a Matej, Juraj,  |d 1981-  |4 ths  |u E020  |U FEI Fakulta elektrotechniky a informatiky  |T FEI Ústav elektroenergetiky a aplikovanej elektrotechniky  |X 10296  |U E020  |Y 548  |7 A000010296 
856 4 |a info a plný text  |u http://is.stuba.sk/zp/portal_zp.pl?podrobnosti=72473  |3 VAIS 
996 |b 284ER00811  |c E*Bc-811  |l EE33  |s P  |a 0  |w stu230870_0001